Láska bez úzkosti

Saved in:
Bibliographic Details
Main Author Phelps, Becker, Leslie
Format Electronic eBook
LanguageCzech
Published Grada SK 2023
Edition1. elektronické vydání
Subjects
Online AccessDostupné v BOOKPORT po přihlášení pomocí eduID
ISBN978-80-8090-448-7
978-80-8090-446-3
Physical Description1 online zdroj (240 stran)

Cover

LEADER 00000nam a2200000 i 4500
001 bkp100150
003 CZ-prgp
005 20230313115028.0
006 m o d
007 cr cn
008 230313s2023 xr o 000 0 cze
020 |a 978-80-8090-448-7  |c 340 Kč  |q (online ; epub) 
020 |a 978-80-8090-446-3  |c 150 Kč  |q (print) 
040 |a Grada  |b cze  |e rda 
100 1 |a Phelps, Becker, Leslie 
245 1 0 |a Láska bez úzkosti  |c Leslie Phelps Becker 
250 |a 1. elektronické vydání 
264 1 |b Grada SK  |c 2023 
300 |a 1 online zdroj (240 stran) 
336 |a text  |b txt  |2 rdacontent 
337 |a počítač  |b c  |2 rdamedia 
338 |a online zdroj  |b cr  |2 rdacarrier 
520 3 |a Vyliečte sa z komplikovanej vzťahovej väzby a vytvorte si milujúci vzťah, po akom ste vždy túžili. Nastal čas, aby ste zastavili utrpenie, keď trávite hodiny premýšľaním, či je váš vzťah stále v poriadku alebo či sa chystá prejsť krízou. Naučte sa vytvoriť intímne vzťahy s pocitom bezpečia. 
650 0 4 |a Vztahy, láska, rodina 
856 4 0 |u https://www.bookport.cz/AccountSaml/SignIn/?idp=https://shibboleth.utb.cz/idp/shibboleth&returnUrl=/kniha/laska-bez-uzkosti-11605/  |y Dostupné v BOOKPORT po přihlášení pomocí eduID